000 00938nam0a22002531 4500
001 v19\rc\1303430
005 20260407085921.0
035 _a(NLR Aleph) 004461542
090 _a4520549
_c4520549
100 _a20060512d1897 |||y0rusy50 ca
101 0 _arus
102 _aRU
105 _ay z |||||
200 1 _aОбразцы шрифтов
_f... Т-во печ. дела и торговли И.Н. Кушнерев и К°. Типография, литография и переплетная. Киевск. отд-ние
210 _aКиев
_d1897
215 _a[2] с., 41 л.
_d29
309 _aТекст напеч. на одной стороне листа
710 0 0 _aКушнерев,
_gИ. Н. и Ко,
_hтипография
_cМосква
_3RU\NLR\AUTH\8810047278
_9594390
801 0 _aRU
_bNLR
_gpsbo
801 1 _aRU
_bProSoft-M
_2rusmarc
852 _aNLR
_j18.192.1.35
942 _cBOOK
980 _aNB